Восстановление работоспособности трехфазных электроприводов переменного тока при аварии в одной из фаз; Ползуновский вестник; № 3/2
| Parent link: | Ползуновский вестник/ Алтайский государственный технический университет им. И. И. Ползунова (АлтГТУ).— , 1998- № 3/2.— 2012.— [С. 121-130] |
|---|---|
| Autor Principal: | |
| Autor Corporativo: | |
| Outros autores: | |
| Summary: | Заглавие с экрана Рассматривается проблема обеспечения живучести и отказоустойчивости трёхфазных электроприводов переменного тока. Рассмотрены принципы построения отказоустойчивых электроприводов со свойством живучести для вентильного и асинхронного двигателей. Представлены новые отказоустойчивые схемы и алгоритмы по восстановлению работоспособности для вентильного и асинхронного электроприводов. |
| Idioma: | ruso |
| Publicado: |
2012
|
| Subjects: | |
| Acceso en liña: | http://elib.altstu.ru/elib/books/Files/pv2012_03_02/pdf/121odnokopylov.pdf |
| Formato: | Electrónico Capítulo de libro |
| KOHA link: | https://koha.lib.tpu.ru/cgi-bin/koha/opac-detail.pl?biblionumber=645428 |
MARC
| LEADER | 00000naa0a2200000 4500 | ||
|---|---|---|---|
| 001 | 645428 | ||
| 005 | 20250609190247.0 | ||
| 035 | |a (RuTPU)RU\TPU\network\10512 | ||
| 035 | |a RU\TPU\network\8351 | ||
| 090 | |a 645428 | ||
| 100 | |a 20151218d2012 k||y0rusy50 ca | ||
| 101 | 0 | |a rus | |
| 102 | |a RU | ||
| 135 | |a drcn ---uucaa | ||
| 181 | 0 | |a i | |
| 182 | 0 | |a b | |
| 200 | 1 | |a Восстановление работоспособности трехфазных электроприводов переменного тока при аварии в одной из фаз |f Г. И. Однокопылов, В. Г. Букреев | |
| 203 | |a Текст |c электронный | ||
| 300 | |a Заглавие с экрана | ||
| 320 | |a [Библиогр.: с. 129-130 (11 назв.)] | ||
| 330 | |a Рассматривается проблема обеспечения живучести и отказоустойчивости трёхфазных электроприводов переменного тока. Рассмотрены принципы построения отказоустойчивых электроприводов со свойством живучести для вентильного и асинхронного двигателей. Представлены новые отказоустойчивые схемы и алгоритмы по восстановлению работоспособности для вентильного и асинхронного электроприводов. | ||
| 337 | |a Adobe Reader | ||
| 461 | |t Ползуновский вестник |f Алтайский государственный технический университет им. И. И. Ползунова (АлтГТУ) |d 1998- | ||
| 463 | |t № 3/2 |v [С. 121-130] |d 2012 | ||
| 610 | 1 | |a электронный ресурс | |
| 610 | 1 | |a труды учёных ТПУ | |
| 610 | 1 | |a отказоустойчивость | |
| 610 | 1 | |a живучесть | |
| 610 | 1 | |a электроприводы | |
| 610 | 1 | |a переменный ток | |
| 610 | 1 | |a отказы | |
| 610 | 1 | |a трехфазный вентильный двигатель | |
| 610 | 1 | |a трехфазный асинхронный двигатель | |
| 700 | 1 | |a Однокопылов |b Г. И. |c специалист в области электротехники |c профессор Томского политехнического университета, доктор наук |f 1958- |g Георгий Иванович |3 (RuTPU)RU\TPU\pers\31341 |9 15513 | |
| 701 | 1 | |a Букреев |b В. Г. |c специалист в области электротехники |c профессор Томского политехнического университета, доктор технических наук |f 1952- |g Виктор Григорьевич |3 (RuTPU)RU\TPU\pers\26527 |9 12221 | |
| 712 | 0 | 2 | |a Национальный исследовательский Томский политехнический университет (ТПУ) |b Энергетический институт (ЭНИН) |b Кафедра электропривода и электрооборудования (ЭПЭО) |3 (RuTPU)RU\TPU\col\18674 |
| 801 | 2 | |a RU |b 63413507 |c 20151218 |g RCR | |
| 850 | |a 63413507 | ||
| 856 | 4 | |u http://elib.altstu.ru/elib/books/Files/pv2012_03_02/pdf/121odnokopylov.pdf | |
| 942 | |c CF | ||